000 01034nam a22002537a 4500
005 20170124102950.0
010 _aA-654520
020 _c50.00
035 _aA-654520
037 _bCen Lib/Ret
040 _aDPL
_bHN
082 _a827
_bउर्मलि
100 _aउर्मलिया, श्रवणकुमार
_943912
245 _aराग बिलबिलावल /
_cश्रवणकुमार उर्मलिया
246 _aRaag bibilawal /
_bby Shrvankumar Urmliya
260 _aहिसार
_bअमन प्रकाशन
_c1993
270 _bहिसार
_e125005
_a1041, अर्बन स्टेट-II
300 _a114पृ.
_c18सेमी(सजिल्द)
650 _aहिंदी साहित्य
_951313
650 _aहिंदी साहित्य -- कहानियां
_942761
650 _aHindi literature
_951314
650 _aHindi literature -- Stories
_951315
942 _2ddc
_cHN
_h827
_mउर्मलि
999 _c113246
_d113246